History Quiz

Random History or Nation Quiz

Click the States with Female Governors Quiz Stats

 Plays Quiz not verified by Sporcle

Score 0/28 Timer 10:00
0 Plays Today
% Correct
Brown, Roberts
84.5%
Hassan,
Shaheen
82.6%
Ferguson, Richards
81.4%
Gregoire, Roy
80.7%
Brewer, Hull, Mofford,
Napolitano
80.1%
Fallin
78.3%
Martinez
75.2%
Haley
73.9%
Finney, Sebelius
73.9%
Grasso, Rell
73.3%
Granholm
72.7%
Raimondo
70.8%
Blanco
70.8%
Perdue
67.7%
% Correct
Kunin
66.5%
Palin
66.5%
Ross
65.2%
Martz
63.4%
Whitman
62.7%
Swift
62.7%
Collins
62.1%
Wallace, Ivey
60.9%
Lingle
60.2%
Hollister
57.8%
Orr
57.8%
Minner
55.9%
Walker
55.3%
Reynolds
51.6%

You're not logged in!

Compare scores with friends on all Sporcle quizzes.
Join for Free
OR
Log In

You Might Also Like...

Show Comments

Extras

Top Quizzes Today


Score Distribution

Your Account Isn't Verified!

In order to create a playlist on Sporcle, you need to verify the email address you used during registration. Go to your Sporcle Settings to finish the process.

Report this User

Report this user for behavior that violates our Community Guidelines.

Details: